Catholic University of Zimbabwe Library
Online Public Access Catalogue
(OPAC)

Prose and poetry of England / (Record no. 3504)

MARC details
000 -LEADER
fixed length control field 00965cam a22002651 4500
001 - CONTROL NUMBER
control field 0000003632
005 - DATE AND TIME OF LATEST TRANSACTION
control field 20170406115202.0
008 - FIXED-LENGTH DATA ELEMENTS--GENERAL INFORMATION
fixed length control field 740819s1955 xx 000 0 eng
010 ## - LIBRARY OF CONGRESS CONTROL NUMBER
LC control number 55002244
035 ## - SYSTEM CONTROL NUMBER
-- (DLC) 55002244
035 ## - SYSTEM CONTROL NUMBER
System control number (OCoLC)981408
040 ## - CATALOGING SOURCE
Original cataloging agency DLC
Transcribing agency TxU-Da
Modifying agency DLC
050 00 - LIBRARY OF CONGRESS CALL NUMBER
Classification number PR1109
Item number .R53 1955
082 0# - DEWEY DECIMAL CLASSIFICATION NUMBER
Classification number 820.82
100 1# - MAIN ENTRY--PERSONAL NAME
Personal name Rodabaugh, Delmer,
Relator term ed.
245 10 - TITLE STATEMENT
Title Prose and poetry of England /
Statement of responsibility, etc. [by] Delmer Rodabaugh [and] Agnes L. McCarthy. Design by Stefan Salter; illus. by Fritz Kredel.
250 ## - EDITION STATEMENT
Edition statement 5th ed.
260 ## - PUBLICATION, DISTRIBUTION, ETC.
Place of publication, distribution, etc. Syracuse N.Y. :
Name of publisher, distributor, etc. L.W. Singer Co.,
Date of publication, distribution, etc. [1955]
300 ## - PHYSICAL DESCRIPTION
Extent 716 p. :
Other physical details illus. ;
Dimensions 25 cm.
500 ## - GENERAL NOTE
General note Fourth ed., directed by H.M. Lucas and H.M. Ward, was published in 1950 as Prose and poetry series, 12th year.
650 #0 - SUBJECT ADDED ENTRY--TOPICAL TERM
Topical term or geographic name entry element English literature.
700 1# - ADDED ENTRY--PERSONAL NAME
Personal name McCarthy, Agnes L.
Fuller form of name (Agnes Louise),
Dates associated with a name 1904-1997,
Relator term joint ed.
908 ## - PUT COMMAND PARAMETER (RLIN)
Put command parameter 140701
Holdings
Withdrawn status Lost status Source of classification or shelving scheme Damaged status Not for loan Home library Current library Shelving location Date acquired Total Checkouts Full call number Barcode Date last seen Copy number Price effective from Koha item type
          CUZ Harare Campus CUZ Harare Campus Open Shelf 06.04.2017   PN 6014. N44 BK0004208 05.02.2018 CU5542 06.04.2017 OS Book
          CUZ Harare Campus CUZ Harare Campus Open Shelf 06.04.2017   PN 6014. N44 BK0004397 22.05.2025 CU11047 06.04.2017 OS Book

OPENING HOURS

Weekdays: 0815hrs - 1800hrs
Weekends:0900hrs - 1200hrs

Closed for Mass:

Mon, Thur: 1200hrs - 1300hrs
Sunday & Public Holiday’s

CALL SUPPORT

0242-570570, 0242-570169
09200664, +263 8644140602

LOCATION

18443, Cranborne Avenue, Hatfield, Harare

Other Links


©2021 | CUZ Library